[Event "Schachbundesliga 2010-11"]
[Site "Aue GER"]
[Date "2011.02.26"]
[Round "10"]
[White "Pruijssers,R"]
[Black "Melamed,T"]
[Result "1-0"]
[WhiteElo "2483"]
[BlackElo "2353"]

1.e4 c5 2.Nf3 e6 3.d4 cxd4 4.Nxd4 Nc6 5.Nc3 Qc7 6.Be3 a6 7.Qd2 Nf6 8.O-O-O Bb4
9.f3 O-O 10.g4 Ne5 11.Kb1 Rb8 12.a3 Be7 13.g5 Ne8 14.f4 Nc4 15.Bxc4 Qxc4
16.Nb3 b5 17.Ba7 Ra8 18.Qe3 Qc7 19.Bb6 Qb8 20.f5 Bxg5 21.Qxg5 Qxb6 22.f6 Nxf6
23.e5 Nd5 24.Nxd5 exd5 25.Rhg1 g6 26.Rxd5 f6 27.exf6 Qxf6 28.Qh6 Qg7 29.Qd2 d6
30.Rxd6 Bf5 31.Nd4 Qe5 32.Nc6 Qc5 33.Ne7+ Kg7 34.Nxf5+ Qxf5 35.Qd4+ Kg8 36.h4 Rac8
37.Rc1 Rc4 38.Qa7 Qc5 39.Qxa6 Rxc2 40.Rxg6+ Kh8 41.Rxc2 Rf1+ 42.Ka2 Qd5+
43.b3 hxg6 44.Qxg6  1-0

[Event "27th Open"]
[Site "Cappelle la Grande FRA"]
[Date "2011.02.26"]
[Round "1.18"]
[White "Ferreira,Jor1"]
[Black "Solodovnichenko,Y"]
[Result "0-1"]
[WhiteElo "2367"]
[BlackElo "2577"]

1.e4 c5 2.Nf3 e6 3.d4 cxd4 4.Nxd4 Nc6 5.Nc3 d6 6.Be3 Nf6 7.f3 Be7 8.Qd2 O-O
9.O-O-O a6 10.g4 Nd7 11.h4 Nde5 12.Qg2 Nxd4 13.Bxd4 Bd7 14.g5 b5 15.Kb1 Qc7
16.f4 b4 17.Ne2 Rfc8 18.Ng3 Nc6 19.Bf6 Bf8 20.Bd3 e5 21.f5 Nd4 22.Ne2 Nxe2
23.Qxe2 Bb5 24.h5 gxf6 25.Qg2 Kh8 26.Rdg1 Qd8 27.g6 Bh6 28.gxh7 Bxd3 29.cxd3 Qc7  0-1

[Event "TCh-BEL 2010-11"]
[Site "Antwerpen BEL"]
[Date "2011.02.27"]
[Round "9.7"]
[White "Baert,A"]
[Black "Goormachtigh,J"]
[Result "0-1"]
[WhiteElo "2177"]
[BlackElo "2282"]

1.e4 c5 2.Nf3 e6 3.d4 cxd4 4.Nxd4 Nc6 5.Nc3 Qc7 6.Be3 a6 7.Be2 Nf6 8.O-O Be7
9.f4 d6 10.Qe1 O-O 11.Qg3 Nxd4 12.Bxd4 b5 13.e5 dxe5 14.fxe5 Nd7 15.Ne4 Bb7
16.Nd6 Bd5 17.Rf2 f6 18.Raf1 Nxe5 19.Nf7 Nf3+ 20.Rxf3 Qxg3 21.Nh6+ gxh6 22.Rxg3+ Kh8
23.Bf3 Rad8 24.Bb6 Rd7 25.Rd1 Bd6 26.Rxd5 exd5 27.Rh3 Be5 28.c3 d4 29.Bc6 dxc3
30.Bxd7 c2 31.Be3 Bd4  0-1

[Event "27th Open"]
[Site "Cappelle la Grande FRA"]
[Date "2011.02.27"]
[Round "2.32"]
[White "Fargere,Fr"]
[Black "Hoolt,S"]
[Result "1/2-1/2"]
[WhiteElo "2512"]
[BlackElo "2229"]

1.e4 c5 2.Nf3 e6 3.d4 cxd4 4.Nxd4 Nc6 5.Nc3 Qc7 6.Be3 a6 7.Qd2 Nf6 8.O-O-O Be7
9.f3 O-O 10.g4 b5 11.g5 Nh5 12.Nce2 Rd8 13.Kb1 Bb7 14.Ng3 Nxd4 15.Qxd4 Nf4
16.Bxf4 Qxf4 17.Nh5 e5 18.Qf2 Bc5 19.Nxf4 Bxf2 20.Nd3 Be3 21.Nxe5 d5 22.exd5 Rxd5
23.Rxd5 Bxd5 24.c4 Be6 25.cxb5 axb5 26.Bxb5 Bxa2+ 27.Kc2 Rc8+ 28.Kd3 Bf4
29.Re1 Be6 30.Nc6 Bxg5 31.f4 Bf6 32.b4 Kf8 33.Rc1 Ra8 34.Bc4 Bb2 35.Re1 Ra3+
36.Kc2 Bc3 37.Re3 Bxb4 38.Rxa3 Bxa3 39.Bxe6 fxe6 40.Kd3 Kf7 41.Ke4 Kf6 42.Ne5 Bd6
43.Nf3 h6 44.h3 Bb4 45.Ne5 Bc3 46.Nd7+ Ke7 47.Nc5 Bb4 48.Nd3 Bd6 49.f5 Kf6
50.fxe6 Kxe6 51.Ne1 Kf6 52.Nf3 Bb8 53.Nd4 Kg5 54.Ne6+ Kg6 55.Kf3 Be5 56.Kg2 Kf5  1/2-1/2

[Event "61st ch-RUS w 1st League"]
[Site "Ivanovo RUS"]
[Date "2011.02.27"]
[Round "7"]
[White "Bukhteeva,V"]
[Black "Stepovaia Dianchenko,T"]
[Result "1-0"]
[WhiteElo "2144"]
[BlackElo "2389"]

1.e4 c5 2.Nf3 Nc6 3.d4 cxd4 4.Nxd4 e6 5.Nc3 Qc7 6.Be3 a6 7.f4 b5 8.Bd3 Nxd4
9.Bxd4 Qxf4 10.Rf1 Qh4+ 11.g3 Qe7 12.e5 f5 13.Bxf5 exf5 14.Nd5 Qg5 15.Be3 Qg6
16.Nc7+ Kd8 17.Nxa8 Bb7 18.Nb6 Qe6 19.Qd4 Ne7 20.O-O-O Bc6 21.Qd6 Ke8 22.Qb8+ Kf7
23.Qc7 g6 24.Nxd7 Bg7 25.Rd6 Rc8 26.Qxc8 Nxc8 27.Rxe6 Kxe6 28.Nc5+ Kxe5 29.Nxa6 Ke4
30.Re1 Kf3 31.Nc5 Nd6 32.Ne6 Nc4 33.Nd4+  1-0

[Event "27th Open"]
[Site "Cappelle la Grande FRA"]
[Date "2011.02.28"]
[Round "3.29"]
[White "Hoolt,S"]
[Black "Vovk,Y"]
[Result "0-1"]
[WhiteElo "2229"]
[BlackElo "2539"]

1.e4 c5 2.Nf3 e6 3.d4 cxd4 4.Nxd4 Nc6 5.Nc3 Qc7 6.g3 a6 7.Bg2 Nf6 8.a4 Nxd4
9.Qxd4 Bc5 10.Bf4 d6 11.Qd2 Ng4 12.O-O Bd7 13.b4 Bxb4 14.Nd5 exd5 15.Qxb4 Ne5
16.Bxe5 dxe5 17.exd5 a5 18.Qa3 Ra6 19.Rfe1 Kd8 20.c4 Rb6 21.Qe3 f6 22.c5 Rb4
23.Reb1 Rd4 24.Qc3 Ke8 25.Rb6 Kf7 26.d6 Qd8 27.Rxb7 Kg6 28.Ra7 Bf5 29.Ra8 Qxa8
30.Bxa8 Rxa8 31.f4 Rd3 32.Qc1 e4 33.Rb1 Rc8 34.Qc4 h5 35.Rb7 Rf8 36.d7 h4
37.g4 Rd1+ 38.Kg2 Bxd7 39.Qxe4+ f5 40.Rb6+ Kh7 41.Qc2 Rd4 42.c6 Rf6 43.Qc3 Rd1
44.Qxa5 Bxc6+ 45.Kf2 Rd4 46.Rb4 Rd2+ 47.Ke3 Rd5 48.Rb5 Bxb5 49.axb5 fxg4
50.Qc3 Rxb5 51.Qd3+ Rbf5 52.Qe4 Kh6 53.Qe8 Rxf4 54.Qh8+ Kg6 55.Qxh4 Ra4 56.Qh8 Rf3+
57.Ke2 Ra2+ 58.Ke1 Re3+ 59.Kf1 Re5 60.Qb8 Rae2 61.Qd6+ Kh5 62.Qf8 Re1+  0-1

[Event "27th Open"]
[Site "Cappelle la Grande FRA"]
[Date "2011.03.01"]
[Round "5.44"]
[White "Ambartsumova,K"]
[Black "Mekhitarian,K"]
[Result "0-1"]
[WhiteElo "2332"]
[BlackElo "2528"]

1.e4 c5 2.Nf3 e6 3.d4 cxd4 4.Nxd4 Nc6 5.Nc3 Qc7 6.Be3 a6 7.Qd2 Nf6 8.O-O-O Be7
9.f3 O-O 10.g4 b5 11.g5 Nh5 12.Nce2 Rd8 13.f4 Bb7 14.Bg2 Rac8 15.Kb1 g6 16.Bf3 e5
17.Nf5 gxf5 18.Bxh5 d5 19.exd5 Nb4 20.Nc3 Nxd5 21.Nxd5 Bxd5 22.Qf2 Bxh1 23.Rxh1 Bc5  0-1

[Event "27th Open"]
[Site "Cappelle la Grande FRA"]
[Date "2011.03.02"]
[Round "6.37"]
[White "Papp,Petra"]
[Black "Grigoriants,S RUS"]
[Result "1/2-1/2"]
[WhiteElo "2230"]
[BlackElo "2581"]

1.e4 c5 2.Nf3 e6 3.d4 cxd4 4.Nxd4 Nc6 5.Nc3 a6 6.Nxc6 bxc6 7.Bd3 d5 8.O-O Nf6
9.Qf3 Be7 10.e5 Nd7 11.Qg3 g6 12.Bh6 a5 13.Rfe1 Ba6 14.Qh3 Rg8 15.b3 Qb8
16.Bd2 h5 17.Qg3 h4 18.Qe3 Rh8 19.Na4 Rh5 20.Bxa6 Rxa6 21.Qe2 Ra8 22.f4 Nb6
23.Nxb6 Qxb6+ 24.Be3 Bc5 25.Rad1 Bxe3+ 26.Qxe3 Qxe3+ 27.Rxe3 Rf5 28.Rf1 Ke7
29.Rh3 Rh5 30.g4 hxg3 31.Rxh5 g2 32.Kxg2 gxh5 33.Rf3 c5  1/2-1/2

[Event "27th Open"]
[Site "Cappelle la Grande FRA"]
[Date "2011.03.02"]
[Round "6.22"]
[White "Burg,T"]
[Black "Spraggett,K"]
[Result "0-1"]
[WhiteElo "2448"]
[BlackElo "2575"]

1.e4 c5 2.Nc3 Nc6 3.Nge2 e6 4.d4 cxd4 5.Nxd4 Qc7 6.Be2 Nf6 7.Be3 Be7 8.f4 d6
9.g4 a6 10.a3 Nd7 11.g5 b5 12.Bf2 Bb7 13.h4 Rc8 14.f5 Nxd4 15.Qxd4 Ne5 16.fxe6 fxe6
17.O-O-O O-O 18.Bg3 Bc6 19.Kb1 Rcd8 20.Qe3 Bb7 21.Qd4 Bc8 22.Rd2 Qb8 23.Rhd1 Rd7
24.Qb4 Rb7 25.Rxd6 a5 26.Qc5 Nf7 27.e5 b4 28.axb4 Rxb4 29.b3 Bxd6 30.exd6 Bd7
31.Qxa5 Rc8 32.Kb2 Rb6 33.h5 Rbc6 34.Rd3 Rc5 35.Qa1 Rxg5 36.h6 Nxh6 37.Bf4 Rg6
38.Ne4 Nf5 39.Qh1 Qa7 40.Ng5 Rh6 41.Nh3 Rh4 42.Bg5 Rb4 43.Bd2 Rb6 44.Rc3 Ra8
45.Rc7 Qa3+ 46.Kc3 Rxd6 47.Qb7 Qa1+ 48.Kb4 Qa5+ 49.Kc4 Rd4+  0-1

[Event "27th Open"]
[Site "Cappelle la Grande FRA"]
[Date "2011.03.03"]
[Round "7.49"]
[White "Molina Rodriguez,B"]
[Black "Butkiewicz,L"]
[Result "1-0"]
[WhiteElo "2053"]
[BlackElo "2394"]

1.e4 c5 2.Nf3 e6 3.d4 cxd4 4.Nxd4 Nc6 5.Nc3 Qc7 6.Be2 a6 7.O-O Nf6 8.Be3 Bb4
9.Na4 O-O 10.Nxc6 bxc6 11.Nb6 Rb8 12.Nxc8 Rfxc8 13.Bxa6 Rf8 14.Bd3 Bd6 15.f4 e5
16.b3 exf4 17.Bd4 f3 18.e5 f2+ 19.Rxf2 Bxe5 20.Bxe5 Qxe5 21.Rf1 Rbe8 22.a4 Nd5
23.Qf3 Ne3 24.Rfe1 f5 25.a5 g5 26.a6 Qd4 27.Qf2 f4 28.a7 d5 29.Ra4 Qg7 30.Rea1 Ra8
31.c4 Ng4 32.Qc5 Ne5 33.Be2 g4 34.cxd5 f3 35.Bf1 fxg2 36.Bxg2 Nf3+ 37.Kh1 Kh8
38.dxc6 Qh6 39.Qc3+ Rf6 40.Bxf3 gxf3 41.c7  1-0

[Event "II Controceni Women"]
[Site "Bucharest ROU"]
[Date "2011.03.04"]
[Round "3"]
[White "Peptan,C"]
[Black "Socko,M"]
[Result "0-1"]
[WhiteElo "2415"]
[BlackElo "2495"]

1.e4 c5 2.Nf3 e6 3.d4 cxd4 4.Nxd4 Nc6 5.Nc3 a6 6.Nxc6 bxc6 7.Bd3 d5 8.O-O Nf6
9.Qe2 Be7 10.f4 Nd7 11.f5 Nc5 12.fxe6 Bxe6 13.exd5 cxd5 14.Bf5 O-O 15.Bxe6 Nxe6
16.Qh5 d4 17.Nd5 Rc8 18.Nxe7+ Qxe7 19.Rf2 Rc5 20.Qe2 Qc7 21.c3 dxc3 22.bxc3 Rxc3
23.Bb2 Rc4 24.Raf1 Nf4 25.Qf3 Ng6 26.g3 f6 27.Qa3 a5 28.Re1 Rd8 29.Qe3 a4
30.Qe6+ Qf7 31.Qa6 Rdc8 32.Rfe2 h6 33.Qb5 Kh7 34.a3 Qa7+ 35.Kg2 R8c5 36.Qe8 Rg5
37.Qe3 Qxe3 38.Rxe3 Rc2+  0-1

[Event "Noteboom Memorial GpA"]
[Site "Leiden NED"]
[Date "2011.03.05"]
[Round "4"]
[White "Nijboer,F"]
[Black "Coene,I"]
[Result "1-0"]
[WhiteElo "2555"]
[BlackElo "2173"]

1.e4 c5 2.Nf3 Nc6 3.Nc3 e6 4.d4 cxd4 5.Nxd4 Qc7 6.Be3 a6 7.Qd2 Nf6 8.O-O-O Be7
9.f3 b5 10.g4 O-O 11.g5 Nh5 12.Nce2 Nxd4 13.Bxd4 f6 14.Ng3 Nf4 15.h4 fxg5
16.hxg5 Bxg5 17.Kb1 h6 18.Be3 Bb7 19.c4 Bc6 20.c5 Rf7 21.Rg1 Raf8 22.Nh1 Qe5
23.Nf2 Qf6 24.Ng4 Qg6 25.Ne5 Qh5 26.Nxf7 Rxf7 27.Rg3 e5 28.Ka1 Bh4 29.Bxf4 Rxf4
30.Rh3 g5 31.Be2 Qg6 32.Qc3 Qe6 33.Rhh1 Rf6 34.Rd6 Qe7 35.Qd2 Kg7 36.Bf1 Rxd6
37.cxd6 Qf6 38.Rg1 Qe6 39.Bd3 Qh3 40.Qe2 Bg3 41.Rc1 Bf4 42.Rd1 h5 43.Rg1 Kf6
44.Qd1 h4 45.a3 Qh2 46.Re1 Qf2 47.Bc2 h3 48.Rh1 h2 49.Bb1 Be3 50.f4 Bd4 51.fxg5+ Kxg5
52.Qb3 Kh4 53.Ka2 a5 54.Bc2 a4 55.Qd3 Qg2 56.Qd1 Bxe4 57.Qe1+ Kg5 58.Qxe4 Qxe4
59.Bxe4 Bg1 60.Bd3  1-0

[Event "TCh-CZE 2010-11"]
[Site "Czech Rep CZE"]
[Date "2011.03.06"]
[Round "9.3"]
[White "Bures,J"]
[Black "Jansa,Vl"]
[Result "1/2-1/2"]
[WhiteElo "2373"]
[BlackElo "2499"]

1.e4 c5 2.Nf3 e6 3.d4 cxd4 4.Nxd4 Nc6 5.Nc3 a6 6.Nxc6 bxc6 7.Bd3 d5 8.O-O Nf6
9.Re1 Be7 10.e5 Nd7 11.Qg4 g6 12.Bh6 Rb8 13.Qh3 Bf8 14.Bxf8 Kxf8 15.Qh6+ Kg8
16.Na4 Qf8 17.Qxf8+ Kxf8 18.c4 Ke7 19.b3 Rd8 20.cxd5 cxd5 21.Rac1 Bb7 22.Nc5 Rdc8
23.Nxb7 Rxc1 24.Rxc1 Rxb7 25.f4 a5 26.Rc8 Rb4 27.g3 g5 28.fxg5 Nxe5 29.Bxh7 Nf3+
30.Kf2 Nxg5 31.Bc2 Ne4+ 32.Ke1 f5 33.Ra8 Rb5 34.g4 fxg4 35.Bxe4 dxe4 36.Rg8 Rh5
37.Rxg4 Rxh2 38.a4 Kd6 39.Rxe4 Rb2 40.Re3 e5 41.Rh3 Kc5 42.Re3 Kd4 43.Rh3 e4
44.Kd1 e3 45.Rh5 Rb1+ 46.Ke2 Rb2+ 47.Ke1 Rxb3  1/2-1/2

[Event "ch-Subotica Open 2011"]
[Site "Subotica SRB"]
[Date "2011.03.07"]
[Round "7"]
[White "Vucelic,R"]
[Black "Vecseri,J"]
[Result "0-1"]
[WhiteElo "1994"]
[BlackElo "2042"]

1.e4 c5 2.Nf3 e6 3.d4 cxd4 4.Nxd4 Nc6 5.Nc3 a6 6.Be2 Qc7 7.O-O Nf6 8.Nxc6 bxc6
9.Be3 Be7 10.f4 d6 11.Bf3 Bb7 12.Qd2 O-O 13.g4 Nd7 14.Na4 c5 15.c4 Bc6 16.Nc3 Qb7
17.g5 f5 18.Qc2 g6 19.Kg2 e5 20.Nd5 Bxd5 21.exd5 e4 22.Be2 Rf7 23.h4 h6 24.Kg3 Rh7
25.Rh1 h5 26.Bd2 Bf8 27.Rab1 a5 28.Qa4 Re7 29.Kf2 Bg7 30.Kg3 Bd4 31.Rh3 e3
32.Be1 Nf8 33.Qc2 Ree8 34.Kh2 Qe7 35.Rf3 Nd7 36.Kg3 Nb6 37.Qd3 Qg7 38.a3 Qe7
39.b4 axb4 40.axb4 Ra2 41.bxc5 Bxc5 42.Rb3 Qe4 43.Bc3 Qxd3 44.Bxd3 e2 45.Rb1 Na4
46.Be1 Be3 47.Rf2 Bxf2+ 48.Kxf2 Nc5  0-1

[Event "ch-Subotica Open 2011"]
[Site "Subotica SRB"]
[Date "2011.03.07"]
[Round "7"]
[White "Jelovac,I"]
[Black "Avram,V"]
[Result "0-1"]
[WhiteElo "1924"]
[BlackElo "2122"]

1.e4 c5 2.Nf3 e6 3.d4 cxd4 4.Nxd4 Nc6 5.Nc3 Qc7 6.Be3 a6 7.Nxc6 bxc6 8.Bc4 Nf6
9.O-O d5 10.exd5 exd5 11.Bb3 Bd6 12.g3 O-O 13.Ne2 Bh3 14.Re1 Bg4 15.Kg2 Qe7
16.Qd3 Rfd8 17.Nd4 Qd7 18.Ba4 Rdc8 19.c4 Bb4 20.Rec1 Qb7 21.c5 Nd7 22.Nb3 Bf3+
23.Kg1 Ne5 24.Qf5 Re8 25.Nd4 Qa7 26.Qh3 Rac8 27.a3 Ba5 28.b4 Bd8 29.Bc2 Bf6
30.Ra2 g6 31.Rd1  0-1

[Event "II Cotroceni Women"]
[Site "Bucharest ROU"]
[Date "2011.03.10"]
[Round "8"]
[White "Zatonskih,A"]
[Black "Socko,M"]
[Result "1-0"]
[WhiteElo "2499"]
[BlackElo "2495"]

1.e4 c5 2.Nf3 e6 3.d4 cxd4 4.Nxd4 Nc6 5.Nc3 a6 6.Nxc6 bxc6 7.Bd3 d5 8.O-O Nf6
9.Re1 Be7 10.e5 Nd7 11.Qg4 g6 12.Na4 Qa5 13.Bh6 c5 14.b3 c4 15.Bf1 Bb7 16.Qh3 Rg8
17.Be3 h5 18.Bd4 Bc6 19.Nc3 Rc8 20.Qe3 Ba8 21.Na4 g5 22.Nb2 g4 23.a3 h4 24.b4 Qd8
25.f4 Nb8 26.Rad1 Qd7 27.c3 Nc6 28.Rb1 h3 29.g3 Bd8 30.Nd1 Nxd4 31.cxd4 Bb6
32.Nc3 Bc6 33.Be2 Ke7 34.Rb2 Rb8 35.Bd1 Rb7 36.Rf2 a5 37.f5 axb4 38.axb4 Kd8
39.Ref1 Qe7 40.fxe6 fxe6 41.b5 Be8 42.Rf4 Ra7 43.Na4 Rxa4 44.Bxa4 Qb4 45.Bd1 c3
46.Bc2 Bxb5 47.Rb1 Qa5 48.Rf7 Bd7 49.Qf2 Re8 50.Bg6 Qa7 51.Rf4 Re7 52.Rxg4 Kc7
53.Bc2 Re8 54.Qe3 Qa3 55.Rf4 Ba5 56.Rff1 Rb8 57.Ra1 Qb2 58.Qf2 Qb6 59.Rab1 Qa7
60.Rxb8 Qxb8 61.Rb1 Qa7 62.Rd1 Bb4 63.Rb1 Ba5 64.Qe3 Qa6 65.Kf2 Qa8 66.g4 Qf8+
67.Kg3 Qa3 68.Kxh3 Qa2 69.Qd3 Kd8 70.Rb8+ Kc7 71.Ra8 Bc6 72.Qh7+ Kb6 73.Qa7+  1-0

[Event "TCh-SWE Elitserien 2010-11"]
[Site "Sweden SWE"]
[Date "2011.03.11"]
[Round "9"]
[White "Welin,M"]
[Black "Bergstrom,C"]
[Result "1/2-1/2"]
[WhiteElo "2280"]
[BlackElo "2383"]

1.e4 c5 2.Nf3 Nc6 3.d4 cxd4 4.Nxd4 e6 5.Nc3 a6 6.g3 Qc7 7.Bg2 Nf6 8.O-O h6
9.Nb3 Be7 10.f4 d6 11.Be3 O-O 12.Qe2 b5 13.a3 Bb7 14.g4 b4 15.axb4 Nxb4 16.Na5 d5
17.Nxb7 Qxb7 18.Bd4 Nc6 19.Bxf6 Bxf6 20.exd5 Nd4 21.Qf2 Qxb2 22.Ne4 Rab8
23.Nxf6+ gxf6 24.Rad1 e5 25.fxe5 fxe5 26.Qe3 Nxc2 27.Qxh6 Qb6+ 28.Qxb6 Rxb6
29.Rd3 Nd4 30.Re1 f6 31.g5 fxg5 32.h3 Rf5 33.Rde3 Kf7 34.Rxe5 Rxe5 35.Rxe5 Kf6
36.Re4 Rb1+ 37.Kh2 Rd1 38.h4 gxh4 39.Rxh4 a5 40.Rh6+ Ke5 41.Ra6 Nf5  1/2-1/2

[Event "SPICE Spring Invitational"]
[Site "Lubbock USA"]
[Date "2011.03.12"]
[Round "1"]
[White "Naroditsky,D"]
[Black "Diamant,A"]
[Result "1-0"]
[WhiteElo "2438"]
[BlackElo "2520"]

1.e4 c5 2.Nf3 e6 3.d4 cxd4 4.Nxd4 Nc6 5.Nc3 Qc7 6.Be3 Nf6 7.Qd2 a6 8.O-O-O Be7
9.f3 O-O 10.g4 b5 11.g5 Nh5 12.Nce2 Rd8 13.Ng3 Nxd4 14.Bxd4 Nf4 15.h4 e5
16.Nf5 Bc5 17.Bxc5 Qxc5 18.Nd6 Rb8 19.h5 Rb6 20.Rh4 Bb7 21.Rxf4 exf4 22.Qxf4 Rxd6
23.Rxd6 Rc8 24.Rd2 d5 25.e5 Qg1 26.Rd1 Qf2 27.Bd3 d4 28.g6 fxg6 29.hxg6 Bxf3
30.Qf5 Rb8 31.Rf1 Qe3+ 32.Kb1  1-0

[Event "TCh-SVK Extraliga 2010-11"]
[Site "Slovakia SVK"]
[Date "2011.03.12"]
[Round "7.7"]
[White "Mrva,V"]
[Black "Cech,D"]
[Result "0-1"]
[WhiteElo "2128"]
[BlackElo "2113"]

1.e4 c5 2.Nf3 e6 3.d4 cxd4 4.Nxd4 Nc6 5.Nc3 Qc7 6.Be2 a6 7.O-O Nf6 8.Bg5 Be7
9.a4 O-O 10.g3 h6 11.Be3 Bb4 12.Na2 Be7 13.Nc3 d6 14.Nb3 b6 15.f4 Bb7 16.Bf3 Nb4
17.a5 b5 18.Bb6 Qc8 19.Qe2 Nd7 20.Bf2 Qc7 21.Rfd1 Rac8 22.Rd2 Qc4 23.Qxc4 Rxc4
24.Be2 Rc7 25.Bd1 Rfc8 26.Rc1 Nf6 27.Re2 Rxc3 28.bxc3 Na2 29.Ra1 Nxc3 30.Re1 Nxd1
31.Raxd1 Bxe4 32.Nd2 Bd5 33.Rc1 Bd8 34.Nb3 Rc4 35.Nd2 Ra4 36.Bb6 Bxb6+ 37.axb6 Nd7
38.c4 bxc4 39.Nxc4 Bxc4 40.b7 Rb4 41.Rb1 Bb3 42.Red1 Rxb7 43.Rxd6 a5 44.Rxd7 Rxd7
45.Rxb3 Ra7 46.Ra3 Kf8 47.Kf2 Ke7 48.Ke3 Kd6 49.Kd4 f6 50.Ra4 Kc6 51.Kc4 e5
52.fxe5 fxe5 53.Kd3 Kd5 54.Ke3 g6 55.Kd3 Ra6 56.Ke3 Kc5 57.Ke4 Kb5 58.Ra1 Kb4
59.Kxe5 a4 60.Kd4 Kb3 61.h4 a3 62.Rb1+ Kc2 63.Rf1 a2 64.Rf2+ Kb3 65.Rf3+ Kb4
66.Rf1 a1=Q+ 67.Rxa1 Rxa1  0-1

[Event "TCh-SWE Elitserien 2010-11"]
[Site "Sweden SWE"]
[Date "2011.03.12"]
[Round "10"]
[White "Tukhaev,A"]
[Black "Livner,A"]
[Result "1/2-1/2"]
[WhiteElo "2550"]
[BlackElo "2324"]

1.e4 c5 2.Nf3 e6 3.d4 cxd4 4.Nxd4 Nc6 5.Nc3 Qc7 6.Be2 a6 7.O-O Nf6 8.Be3 Bb4
9.Na4 O-O 10.c4 Bd6 11.g3 Nxe4 12.c5 Be5 13.f4 Bxd4 14.Bxd4 Rb8 15.Rc1 f5
16.Nb6 Rd8 17.Be3 d5 18.cxd6 Rxd6 19.Qb3 Nd2 20.Bxd2 Rxd2 21.Bc4 Nd4 22.Qb4 Rc2
23.Rxc2 Nxc2 24.Qa5 Ne3 25.Rc1 Qc6 26.Kf2 Ng4+ 27.Kg1 Ne3 28.Kf2 Ng4+ 29.Kg1 Ne3  1/2-1/2

[Event "ch-Southern FR Men"]
[Site "Armavir RUS"]
[Date "2011.03.13"]
[Round "2"]
[White "Demchenko,A"]
[Black "Oganian,M"]
[Result "1/2-1/2"]
[WhiteElo "2556"]
[BlackElo "2208"]

1.e4 c5 2.Nf3 Nc6 3.Nc3 e6 4.d4 cxd4 5.Nxd4 Qc7 6.g3 a6 7.Bg2 Nf6 8.O-O Nxd4
9.Qxd4 Bc5 10.Bf4 d6 11.Qd3 h6 12.Na4 e5 13.Bd2 Bd4 14.c4 Be6 15.Rac1 Qc6
16.b3 b5 17.cxb5 Qxb5 18.Qc2 O-O 19.Bc3 Rac8 20.Qd2 Bxc3 21.Nxc3 Qb4 22.Qd3 Rfd8
23.h3 Nd7 24.Kh2 Nc5 25.Qe3 a5 26.f4 f6 27.Nd5 Bxd5 28.exd5 Qd4 29.Qxd4 exd4
30.Rfd1 d3 31.Bf1 Re8 32.Kg2 Kf7 33.Rc4 f5 34.Kf3 d2 35.Rxd2 Re1 36.Kg2 Rce8
37.Rcc2 Ne4 38.Rd3 g5 39.fxg5 hxg5 40.Rf3 Kf6 41.Bb5 Re5 42.Bc4 Rd1 43.Rd3 Re1
44.Rf3 Rd1 45.Rd3 Re1 46.Kh2 g4 47.Kg2 Re7 48.h4 Ke5 49.Bb5 f4 50.gxf4+ Kxf4
51.Rd4 Ke5 52.Ra4 Re3 53.h5 Rh7 54.Be8 Rg3+ 55.Kh2 Rh3+ 56.Kg1 Rg3+ 57.Rg2 Rxg2+
58.Kxg2 Nf6 59.Bg6 Re7 60.Rc4 Rb7 61.Kg3 Kxd5 62.Ra4 Ke5 63.Rxa5+ d5 64.Ra8 Rc7
65.h6 Rc3+ 66.Kg2 Rc7 67.Rf8 Ra7 68.Bb1 d4 69.Rc8 Kf4 70.Rc1 d3 71.Rf1+ Kg5
72.Rd1 Nd5 73.h7 Ne3+ 74.Kg1 Rxh7 75.Rxd3 Re7 76.a4 Kf4 77.Rd4+ Kf3 78.Bd3 Nc2
79.Rd8 Re1+ 80.Bf1 Ne3 81.Rf8+ Ke4 82.Re8+ Kd4 83.Rd8+ Ke4 84.Re8+ Kf3 85.Rf8+ Ke4
86.Re8+ Kf3  1/2-1/2

[Event "43rd WGM"]
[Site "Belgrade SRB"]
[Date "2011.03.13"]
[Round "8.1"]
[White "Eric,J"]
[Black "Miladinovic,L"]
[Result "1-0"]
[WhiteElo "2230"]
[BlackElo "2086"]

1.e4 c5 2.Nf3 e6 3.d4 cxd4 4.Nxd4 Nc6 5.Nc3 Qc7 6.Be2 Nf6 7.Be3 Be7 8.f4 d6
9.Qd2 a6 10.O-O-O Nd7 11.f5 Nde5 12.g4 b5 13.Nxc6 Qxc6 14.Qd4 O-O 15.Rhf1 Rb8
16.g5 b4 17.Nb1 Bb7 18.Qxb4 Rfc8 19.Nc3 Ba8 20.Qa3 a5 21.f6 Bf8 22.fxg7 Kxg7
23.Bd4 Kg8 24.Qxa5 Nc4 25.Bxc4 Qxc4 26.b3 Qc6 27.Kb2 e5 28.Be3 Qc4 29.Rfe1 d5
30.Ba7 Rb4 31.Ne2 Qxc2+ 32.Ka1 Qxe4 33.Nc3 Qg2 34.Nxd5 Bxd5 35.Qxd5 Qh3 36.Qd3 Qe6
37.Qd7 Qxd7 38.Rxd7 Bg7 39.Kb1 Rg4 40.Be3 Rg2 41.Rd2 Rg4 42.Red1 Bf8 43.Rd5 Re4
44.Bc1 Re2 45.Bb2 Rcc2 46.Bxe5 h6 47.Bf6 Bg7 48.Rg1 h5 49.Rd8+ Bf8 50.Rgd1 Rxa2
51.Rxf8+ Kh7 52.Rxf7+ Kg6 53.Rg7+ Kf5 54.Rf1+ Kg4 55.Rd7 h4 56.g6 Kh3 57.g7 Ra8
58.Rg1 Rg8 59.Rd8 Kxh2 60.Rxg8 h3 61.Rh8  1-0

[Event "Frauenbundesliga 1st Div 2010-11"]
[Site "Germany GER"]
[Date "2011.03.13"]
[Round "11"]
[White "Leks,H"]
[Black "Melamed,T"]
[Result "0-1"]
[WhiteElo "2195"]
[BlackElo "2353"]

1.e4 c5 2.Nf3 e6 3.d4 cxd4 4.Nxd4 Nc6 5.Nc3 Qc7 6.Be2 a6 7.O-O Nf6 8.Bg5 Bc5
9.Nb3 Be7 10.f4 d6 11.a4 O-O 12.Bd3 h6 13.Bh4 Nxe4 14.Nxe4 Bxh4 15.Nxd6 Be7
16.Nc4 Bd7 17.Qe2 Nb4 18.Ne5 Nxd3 19.Qxd3 Rfd8 20.Qe2 Rac8 21.Rfd1 Be8 22.Rxd8 Rxd8
23.Kh1 Qd6 24.h3 Qb4 25.Nd3 Qc4 26.f5 Bf6 27.fxe6 fxe6 28.Nbc5 Bg6 29.Qxe6+ Qxe6
30.Nxe6 Rc8 31.Nef4 Bxd3 32.cxd3 Bxb2 33.Rb1 Rc1+ 34.Rxc1 Bxc1 35.Ne2 Bb2
36.Kg1 Kf7 37.Kf2 Ke6 38.Ke3 Kd5 39.Nf4+ Kc5 40.Ne6+ Kd5 41.Nf4+ Kc6 42.Ke4 b5
43.axb5+ Kxb5 44.d4 a5 45.Nd3 a4 46.Nxb2 a3 47.Nd1 Kc4 48.Ne3+ Kc3 49.Nd5+ Kb3  0-1

[Event "Frauenbundesliga 1st Div 2010-11"]
[Site "Germany GER"]
[Date "2011.03.13"]
[Round "11"]
[White "Gaponenko,I"]
[Black "Socko,M"]
[Result "1/2-1/2"]
[WhiteElo "2469"]
[BlackElo "2495"]

1.e4 c5 2.Nf3 e6 3.d4 cxd4 4.Nxd4 Nc6 5.Nc3 a6 6.Be2 d6 7.O-O Nf6 8.Be3 Be7
9.f4 O-O 10.Qe1 Qc7 11.Qg3 Re8 12.Kh1 d5 13.e5 Nxd4 14.Bxd4 Ne4 15.Nxe4 dxe4
16.c3 b5 17.b4 Bd7 18.Qe3 Qb7 19.Bd1 a5 20.Bc2 axb4 21.Bxe4 Bc6 22.Bxc6 Qxc6
23.cxb4 Bxb4 24.a3 Bf8 25.Rac1 Qd5 26.Bc5 Qa2 27.Bxf8 Rxf8 28.Ra1 Qc2 29.Rfc1 Qf5
30.Rab1 Rfd8 31.Rxb5 Rd3 32.Qf2 Rad8 33.h3 h6 34.Rb2 Rxa3 35.Rd2 Rb8 36.Rcd1 Rbb3
37.Kg1 Qg6 38.Kh2 Rg3 39.Ra2 Qe4 40.Rd8+ Kh7 41.Rxa3 Rxa3 42.Rd4 Qb1 43.Qe2 Ra2
44.Qd3+ Qxd3 45.Rxd3 g5 46.fxg5 hxg5 47.Re3 Kg6 48.Kg3 Ra4 49.Re1 Rf4 50.Re3 Kf5
51.Re1 Kg6 52.Re3 Kf5 53.Re1 Rd4 54.Rf1+ Kg6 55.Re1 Rd3+ 56.Kg4 Rd4+ 57.Kg3 Rf4  1/2-1/2

[Event "TCh-SWE Elitserien 2010-11"]
[Site "Sweden SWE"]
[Date "2011.03.13"]
[Round "11"]
[White "Vas,P SWE"]
[Black "Livner,A"]
[Result "1-0"]
[WhiteElo "2293"]
[BlackElo "2324"]

1.e4 c5 2.Nf3 e6 3.d4 cxd4 4.Nxd4 Nc6 5.Nc3 Qc7 6.Be2 a6 7.O-O Nf6 8.Be3 Bb4
9.Na4 O-O 10.Nxc6 bxc6 11.Nb6 Rb8 12.Nxc8 Rfxc8 13.Bxa6 Rf8 14.Bd3 Bd6 15.h3 Be5
16.c3 Rxb2 17.Qc1 Qb8 18.f4 Bc7 19.Rb1 Rxb1 20.Qxb1 e5 21.Qxb8 Rxb8 22.fxe5 Bxe5
23.Bd4 Bxd4+ 24.cxd4 Kf8 25.e5 Nd5 26.Bxh7 Ke7 27.Bc2 Rb4 28.Bb3 Rxd4 29.a4 Rd3
30.Rf3 Rxf3 31.gxf3 Nc7 32.Kf2 f6 33.f4 fxe5 34.fxe5 d6 35.exd6+ Kxd6 36.Kg3 Ke5
37.Kg4 Na6 38.Bc4 Nc5 39.a5 Kf6 40.h4 Kg6 41.h5+ Kf6 42.Kf4 Nd7 43.a6 Nb6
44.a7 Ke7 45.Kg5 Na8 46.Kg6 Kf8 47.Kh7 Nc7 48.Bd3  1-0

[Event "ch-PriFO A"]
[Site "Tolyatti RUS"]
[Date "2011.03.13"]
[Round "4.1"]
[White "Predke,A"]
[Black "Kokarev,Dm"]
[Result "1/2-1/2"]
[WhiteElo "2434"]
[BlackElo "2576"]

1.e4 c5 2.Nf3 e6 3.d4 cxd4 4.Nxd4 Nc6 5.Nc3 Qc7 6.Be3 Nf6 7.f4 Nxd4 8.Qxd4 b6
9.Nb5 Qc6 10.Qc4 Rb8 11.Nxa7 Qxe4 12.Qxe4 Nxe4 13.Nxc8 Rxc8 14.Bd3 Bc5 15.Ke2 f5
16.a4 Ke7 17.a5 bxa5 18.Rxa5 Bxe3 19.Kxe3 Rb8 20.b3 Rhc8 21.Rha1 Nf6 22.Kd2 h6
23.h4 Rg8 24.Rh1 g6 25.g3 Rb7 26.Re1 Kf7 27.Rea1 Nh5 28.Rg1 Nf6 29.Rga1 g5
30.hxg5 hxg5 31.Ra7 Rb6 32.g4 fxg4 33.f5 Rh8 34.fxe6+ Kxe6 35.Re1+ Kd6 36.Ra5 Rh2+
37.Kc1 Rf2 38.Rxg5 Rb8 39.Kb2 Rg8 40.Ree5 Rxg5  1/2-1/2

[Event "ch-Southern FR Men"]
[Site "Armavir RUS"]
[Date "2011.03.16"]
[Round "5"]
[White "Kruglyak,Nikita"]
[Black "Polyakov,Y"]
[Result "0-1"]
[WhiteElo "2016"]
[BlackElo "2317"]

1.e4 c5 2.Nf3 e6 3.d4 cxd4 4.Nxd4 Nc6 5.Nc3 Qc7 6.Be3 a6 7.a3 Nf6 8.Be2 Be7
9.O-O O-O 10.f4 d6 11.g4 Nxd4 12.Bxd4 e5 13.Be3 exf4 14.Bxf4 Be6 15.Kh1 Rac8
16.g5 Nd7 17.Bg4 Ne5 18.Bxe6 fxe6 19.Bxe5 dxe5 20.Qg4 Qc6 21.h4 Qc4 22.Rxf8+ Rxf8
23.Kg2 Rf4 24.Qh3 Kf7 25.Rd1 Kg6 26.Qd3 Qxd3 27.Rxd3 Rxh4 28.Rd7 Bxg5 29.Rxb7 Bf4
30.Rb6 Rh2+ 31.Kf3 Kf7 32.Ne2 g5 33.Nxf4 exf4 34.Rb3 Rh3+ 35.Kg4 Rxb3 36.cxb3 e5
37.a4 Ke6 38.b4 Kd6 39.b3 Kc6 40.Kh3 h5 41.Kg2 g4  0-1

[Event "ch-Moscow S/F 2011"]
[Site "Moscow RUS"]
[Date "2011.03.17"]
[Round "3"]
[White "Vavulin,M"]
[Black "Mozharov,M"]
[Result "0-1"]
[WhiteElo "2187"]
[BlackElo "2468"]

1.e4 c5 2.Nf3 e6 3.d4 cxd4 4.Nxd4 Nc6 5.Nc3 Qc7 6.g3 a6 7.Bg2 Nf6 8.O-O Nxd4
9.Qxd4 Bc5 10.Qd3 d6 11.Bf4 h6 12.Rad1 e5 13.Be3 Bb4 14.Nb5 axb5 15.Qxb5+ Bd7
16.Qxb4 Rxa2 17.Bb6 Qb8 18.Ra1 Rxa1 19.Rxa1 O-O 20.Rd1 Rc8 21.c4 Be6 22.b3 Rc6
23.h3 Nd7 24.Be3 Ra6 25.f4 f6 26.f5 Bf7 27.g4 Qc7 28.h4 Be8 29.Kh2 Nc5 30.Bxc5 dxc5
31.Qd2 Kf8 32.Bf3 Ke7 33.g5 hxg5 34.hxg5 Rd6 35.gxf6+ gxf6 36.Qxd6+ Qxd6
37.Rxd6 Kxd6 38.Kg3 Bc6 39.Kf2 Ke7 40.Ke3 Kf8 41.Be2 Kg7 42.Bd3 Kh6 43.Kf3 Be8
44.Ke3 Kg5 45.Bb1 Kg4 46.Bd3 Bh5 47.Bb1 Kg3 48.Bc2 b6 49.Bb1 Bd1 50.Bd3 Bxb3
51.Be2 Bc2 52.Bf1 Kh2 53.Kf3 Kg1 54.Be2 Bb1 55.Ke3 Kg2 56.Bf3+ Kf1 57.Be2+ Ke1
58.Bh5 Ba2 59.Kd3 Kf2 60.Bf7 Bb1+ 61.Kd2 Bxe4 62.Be6 Bf3  0-1